书目信息 |
| 题名: |
世界档案史简编
|
|
| 作者: | 李凤楼 编著 | |
| 分册: | ||
| 出版信息: | 北京 档案出版社 1983 |
|
| 页数: | 249页 | |
| 开本: | 21cm | |
| 丛书名: | ||
| 单 册: | ||
| 中图分类: | G279.1 | |
| 科图分类: | ||
| 主题词: | 档案学史--世界 | |
| 电子资源: | ||
| ISBN: | ||
| 000 | 00627nam0 2200241 45 | |
| 001 | 0183009703 | |
| 005 | 20040506081817.9 | |
| 010 | @dCNY1.12 | |
| 091 | @a7283.006 | |
| 100 | @a19950605d1983 em y0chiy0121 ea | |
| 101 | 0 | @achi |
| 102 | @aCN@b110000 | |
| 105 | @ay z 000yy | |
| 106 | @ar | |
| 200 | 10 | @a世界档案史简编@Ashi jie dang an shi jian bian@f李凤楼编著 |
| 210 | @a北京@c档案出版社@d1983 | |
| 215 | @a249页@d21cm | |
| 606 | @a档案学史@y世界 | |
| 690 | @aG279.1@v3 | |
| 701 | 0 | @a李凤楼@Ali feng lou@4编著 |
| 801 | 0 | @aCN@b上海图书馆@c20040506 |
| 801 | 2 | @aCN@bNLC@c20040506 |
| 905 | @f1@b122245@dG279.1@e7 | |
| 世界档案史简编/李凤楼编著.-北京:档案出版社,1983 |
| 249页;21cm |
| ISBN :CNY1.12 |
| ● |
| 相关链接 |
|
|
|
|
正题名:世界档案史简编
索取号:G279.1/7
 
预约/预借
| 序号 | 登录号 | 条形码 | 馆藏地/架位号 | 状态 | 备注 |
| 1 | 0122245 | 000990244 | 密集书库/ [索取号:G279.1/7] | 在馆 | |
| 2 | 0122246 | 001748229 | 密集书库/ [索取号:G279.1/7] | 在馆 | |
| 3 | 0122247 | 000990173 | 第一样本阅览室/ [索取号:G279.1/7] | 在馆 |